header

Philosophy with teenagers (Record no. 239981)

MARC details
000 -LEADER
fixed length control field 01514nam a2200361 a 4500
082 04 - DEWEY DECIMAL CLASSIFICATION NUMBER
Classification number 370.11/4
100 1# - MAIN ENTRY--AUTHOR NAME
Personal name Hannam, Patricia.
245 10 - TITLE STATEMENT
Title Philosophy with teenagers
260 ## - PUBLICATION, DISTRIBUTION, ETC. (IMPRINT)
Place of publication London ;
-- New York :
Name of publisher Network Continuum,
Year of publication 2009.
300 ## - PHYSICAL DESCRIPTION
Number of Pages xxiii, 180 p. :
Other physical details ill.
650 #0 - SUBJECT ADDED ENTRY--TOPICAL TERM
Topical Term Moral education (Secondary)
Topical Term Philosophy
Topical Term Multicultural education
Topical Term Education and globalization
700 1# - ADDED ENTRY--PERSONAL NAME
Personal name Echeverria, Eugenio.
856 40 - ELECTRONIC LOCATION AND ACCESS
Uniform Resource Identifier http://site.ebrary.com/lib/rucke/Doc?id=10427511

No items available.

© 2026 Rongo University
Contact us: librarian | system librarian | Rongo university